Statistics for Pokémon in Order (Generation IX)

Click here to take the quiz!

General Stats

  • This quiz has been taken 26 times
  • The average score is 57 of 103

Answer Stats

HintAnswer% Correct
#910Crocalor
100%
#907Floragato
100%
#909Fuecoco
100%
#915Lechonk
100%
#908Meowscarada
100%
#916Oinkologne
100%
#914Quaquaval
100%
#912Quaxly
100%
#913Quaxwell
100%
#911Skeledirge
100%
#918Spidops
100%
#906Sprigatito
100%
#917Tarountula
100%
#920Lokix
88%
#919Nymble
88%
#921Pawmi
88%
#922Pawmo
88%
#923Pawmot
88%
#930Arboliva
63%
#927Dachsbun
63%
#929Dolliv
63%
#926Fidough
63%
#925Maushold
63%
#928Smoliv
63%
#931Squawkabilly
63%
#924Tandemaus
63%
#979Annihilape
50%
#997Arctibax
50%
#936Armarouge
50%
#998Baxcalibur
50%
#939Bellibolt
50%
#947Brambleghast
50%
#946Bramblin
50%
#986Brute Bonnet
50%
#937Ceruledge
50%
#975Cetitan
50%
#974Cetoddle
50%
#935Charcadet
50%
#1002Chien-Pao
50%
#1004Chi-Yu
50%
#980Clodsire
50%
#977Dondozo
50%
#982Dudunsparce
50%
#981Farigiraf
50%
#987Flutter Mane
50%
#996Frigibax
50%
#934Garganacl
50%
#1000Gholdengo
50%
#999Gimmighoul
50%
#945Grafaiai
50%
#984Great Tusk
50%
#991Iron Bundle
50%
#992Iron Hands
50%
#993Iron Jugulis
50%
#994Iron Moth
50%
#995Iron Thorns
50%
#990Iron Treads
50%
#1006Iron Valiant
50%
#941Kilowattrel
50%
#1007Koraidon
50%
#943Mabosstiff
50%
#942Maschiff
50%
#1008Miraidon
50%
#932Nacli
50%
#933Naclstack
50%
#1005Roaring Moon
50%
#989Sandy Shocks
50%
#985Scream Tail
50%
#944Shroodle
50%
#988Slither Wing
50%
#938Tadbulb
50%
#978Tatsugiri
50%
#1003Ting-Lu
50%
#940Wattrel
50%
#1001Wo-Chien
50%
#962Bombirdier
38%
#951Capsakid
38%
#956Espathra
38%
#963Finizen
38%
#973Flamigo
38%
#955Flittle
38%
#971Greavard
38%
#972Houndstone
38%
#983Kingambit
38%
#950Klawf
38%
#968Orthworm
38%
#964Palafin
38%
#954Rabsca
38%
#953Rellor
38%
#966Revavroom
38%
#952Scovillain
38%
#957Tinkatink
38%
#959Tinkaton
38%
#958Tinkatuff
38%
#948Toedscool
38%
#949Toedscruel
38%
#965Varoom
38%
#976Veluza
38%
#960Wiglett
38%
#961Wugtrio
38%
#967Cyclizar
25%
#969Glimmet
25%
#970Glimmora
25%

Score Distribution

Percentile by Number Answered

Percent of People with Each Score

Your Score History

You have not taken this quiz